[Event "26. Copenhagen Open  (Politiken Cup)"]
[Site "Taastrup"]
[Date "2004.07.26"]
[Round "4"]
[White "Nielsen, Borge Hjerrild"]
[Black "Lahlum, Hans Olav"]
[Result "0-1"]
[WhiteElo "2097"]
[BlackElo "2254"]
[PlyCount "114"]
[EventDate "2004.07.24"]
[EventType "swiss"]
[EventRounds "10"]
[EventCountry "DEN"]
[SourceDate "2004.01.01"]

1. d4 d5 2. c4 e6 3. Nc3 c6 4. cxd5 exd5 5. Nf3 Bd6 6. Qc2 Ne7 7. Bg5 f6 8. Bd2
O-O 9. e3 Bf5 10. Bd3 Bxd3 11. Qxd3 f5 12. g3 Nd7 13. Ng5 Qe8 14. Qe2 Qg6 15.
h4 Nf6 16. Ne6 Rfc8 17. h5 Qe8 18. a3 b6 19. b4 Qd7 20. Nf4 a5 21. b5 c5 22.
dxc5 Bxc5 23. O-O Bd6 24. Nd3 Ne4 25. Rfc1 Rc7 26. a4 Rac8 27. Nxe4 dxe4 28.
Ne1 Be5 29. Rxc7 Rxc7 30. Rc1 Qc8 31. Qd1 h6 32. Qb3+ Kh7 33. Rxc7 Qxc7 34. Kg2
Qc5 35. Qc2 Qxc2 36. Nxc2 Kg8 37. Na3 Nd5 38. Nc4 Bc7 39. f3 Kf7 40. Kf2 Ke6
41. f4 Nf6 42. Bc3 Kd5 43. Ne5 Nxh5 44. Nd7 Ke6 45. Nf8+ Ke7 46. Ng6+ Kf7 47.
Ne5+ Ke6 48. Bd4 Nf6 49. Nc4 Nd7 50. Bxg7 Nc5 51. Nb2 h5 52. Ke2 Kd5 53. Kd2
Ne6 54. Bf6 Bd6 55. Kc3 Bb4+ 56. Kc2 Be1 57. Bh4 Nc5 0-1

[Event "26. Copenhagen Open  (Politiken Cup)"]
[Site "Taastrup"]
[Date "2004.07.26"]
[Round "4"]
[White "Nielsen, Jens Holm"]
[Black "Gerstoft, Philip"]
[Result "0-1"]
[WhiteElo "2068"]
[BlackElo "1285"]
[PlyCount "76"]
[EventDate "2004.07.24"]
[EventType "swiss"]
[EventRounds "10"]
[EventCountry "DEN"]
[SourceDate "2004.01.01"]

1. Nc3 d5 2. e4 d4 3. Nce2 c5 4. Ng3 e5 5. Bc4 Nf6 6. Nf3 Bd6 7. O-O O-O 8. d3
Nc6 9. a3 a6 10. Nh4 g6 11. Bg5 Be7 12. Bh6 Re8 13. Nf3 b5 14. Ba2 Bf8 15. Ng5
Be6 16. Bxe6 fxe6 17. Bxf8 Kxf8 18. f4 Kg7 19. Qf3 exf4 20. Qxf4 e5 21. Qh4 h6
22. Nf5+ gxf5 23. Rxf5 hxg5 24. Qxg5+ Kf7 25. Raf1 Re6 26. R1f3 Qh8 27. Qg4 Ke7
28. Qg5 Rg8 29. Qd2 a5 30. c3 b4 31. axb4 cxb4 32. Qc2 Rc8 33. c4 Qh6 34. Rh3
Qg6 35. Qa4 Nd7 36. Qb5 Rb8 37. Qa4 Nc5 38. Qd1 Rf6 0-1

[Event "26. Copenhagen Open  (Politiken Cup)"]
[Site "Taastrup"]
[Date "2004.07.26"]
[Round "4"]
[White "Nielsen, Rasmus Lundberg"]
[Black "Lauritsen, Martin Lee"]
[Result "1-0"]
[WhiteElo "1760"]
[BlackElo "2040"]
[PlyCount "67"]
[EventDate "2004.07.24"]
[EventType "swiss"]
[EventRounds "10"]
[EventCountry "DEN"]
[SourceDate "2004.01.01"]

1. e4 c5 2. Nf3 Nc6 3. c3 e6 4. d4 d5 5. e5 Qb6 6. Be2 Bd7 7. O-O f6 8. Na3
cxd4 9. cxd4 fxe5 10. dxe5 Bxa3 11. bxa3 Qc7 12. Rb1 Nge7 13. Bd3 O-O-O 14. Qe2
Rdf8 15. Bd2 h6 16. Rfc1 Kd8 17. Bb4 Be8 18. Bd6 Qd7 19. Qb2 b6 20. Nd4 Rf4 21.
Ne2 Rf7 22. Bb5 Qb7 23. Qc2 a6 24. Bxe7+ Nxe7 25. Bxa6 Qa7 26. Bc8 Bd7 27. Bxd7
Kxd7 28. Qb3 Nc8 29. Nd4 Qa5 30. Qc2 Qc5 31. Qa4+ b5 32. Rxc5 bxa4 33. Rb7+ Kd8
34. Nxe6+ 1-0

[Event "26. Copenhagen Open  (Politiken Cup)"]
[Site "Taastrup"]
[Date "2004.07.26"]
[Round "4"]
[White "Nielsen, Steffen"]
[Black "Bae, Torstein"]
[Result "1-0"]
[WhiteElo "2124"]
[BlackElo "2269"]
[PlyCount "69"]
[EventDate "2004.07.24"]
[EventType "swiss"]
[EventRounds "10"]
[EventCountry "DEN"]
[SourceDate "2004.01.01"]

1. e4 e5 2. Nf3 Nc6 3. Bc4 Bc5 4. c3 Nf6 5. d4 exd4 6. cxd4 Bb4+ 7. Nc3 Nxe4 8.
O-O Bxc3 9. d5 Ne5 10. bxc3 Nxc4 11. Re1 Ncd6 12. Ng5 O-O 13. Nxe4 Nxe4 14.
Rxe4 d6 15. Qf3 Re8 16. Bd2 Rxe4 17. Qxe4 Bd7 18. Re1 Qf6 19. Qb4 b6 20. Qc4
Rc8 21. Qa6 Qd8 22. a4 Ra8 23. Qc4 a5 24. h4 Rc8 25. Re3 Kh8 26. Rg3 f6 27. h5
h6 28. Bxh6 gxh6 29. Qf4 Qf8 30. Rg6 Rd8 31. Rxh6+ Kg7 32. Rg6+ Kh8 33. Rxf6
Qe7 34. Rh6+ Kg7 35. Qg3+ 1-0

[Event "26. Copenhagen Open  (Politiken Cup)"]
[Site "Taastrup"]
[Date "2004.07.26"]
[Round "4"]
[White "Nilsson, Nils Specht"]
[Black "Buchkremer, Felix"]
[Result "0-1"]
[WhiteElo "2140"]
[BlackElo "2046"]
[PlyCount "77"]
[EventDate "2004.07.24"]
[EventType "swiss"]
[EventRounds "10"]
[EventCountry "DEN"]
[SourceDate "2004.01.01"]

1. e4 e6 2. d4 d5 3. Nd2 Nf6 4. e5 Nfd7 5. Ndf3 c5 6. c3 Nc6 7. Bd3 Qb6 8. Ne2
cxd4 9. cxd4 f6 10. exf6 Nxf6 11. O-O Bd6 12. Qb3 Qc7 13. g3 O-O 14. Bf4 Bxf4
15. Nxf4 Bd7 16. Rae1 Rae8 17. Bb1 Re7 18. Qd3 Ne4 19. Nd2 Nf6 20. a3 g6 21. b4
e5 22. dxe5 Nxe5 23. Qc2 Qxc2 24. Bxc2 Bb5 25. Nd3 Ne4 26. Nxe5 Nxd2 27. Bd3
Rxe5 28. Rxe5 Nf3+ 29. Kg2 Bxd3 30. Rxd5 Bxf1+ 31. Kxf1 Nxh2+ 32. Ke2 Ng4 33.
f4 Nf6 34. Ra5 Re8+ 35. Kf3 a6 36. b5 Re6 37. Kg2 Rb6 38. bxa6 Rxa6 39. Rb5 0-1

[Event "26. Copenhagen Open  (Politiken Cup)"]
[Site "Taastrup"]
[Date "2004.07.26"]
[Round "4"]
[White "Nolsoe, Eydun"]
[Black "Taylor, Phil"]
[Result "1-0"]
[WhiteElo "2212"]
[BlackElo "2075"]
[PlyCount "99"]
[EventDate "2004.07.24"]
[EventType "swiss"]
[EventRounds "10"]
[EventCountry "DEN"]
[SourceDate "2004.01.01"]

1. e4 c6 2. d4 d5 3. Nc3 dxe4 4. Nxe4 Bf5 5. Ng3 Bg6 6. Nf3 Nd7 7. h4 h6 8. h5
Bh7 9. Bd3 Bxd3 10. Qxd3 e6 11. Bd2 Qc7 12. O-O-O Ngf6 13. Qe2 O-O-O 14. Ne5
Nb6 15. Ba5 c5 16. dxc5 Bxc5 17. Nd3 Bd6 18. Ne4 Nxe4 19. Qxe4 Kb8 20. Rhe1 Rc8
21. Re2 Qc4 22. b3 Qxe4 23. Rxe4 Nd5 24. Kb2 Be7 25. Ne5 Bf6 26. c4 Bxe5+ 27.
Rxe5 Nf6 28. f3 b6 29. Bc3 Rhd8 30. Rxd8 Rxd8 31. Kc2 Kc7 32. g4 Kc6 33. a4 Nd7
34. Re3 e5 35. Bxe5 Nxe5 36. Rxe5 Rd7 37. b4 a6 38. b5+ axb5 39. axb5+ Kb7 40.
Kc3 f6 41. Re6 Kc7 42. Re4 Kc8 43. Rd4 Re7 44. Kd2 Kc7 45. Re4 Rf7 46. Re6 Kb7
47. Ke3 Rc7 48. Kd4 Ka7 49. Rc6 Re7 50. Kd5 1-0

[Event "26. Copenhagen Open  (Politiken Cup)"]
[Site "Taastrup"]
[Date "2004.07.26"]
[Round "4"]
[White "Olsen, Aage Dalstrup"]
[Black "Nielsen, Max"]
[Result "1/2-1/2"]
[WhiteElo "2098"]
[BlackElo "2259"]
[PlyCount "75"]
[EventDate "2004.07.24"]
[EventType "swiss"]
[EventRounds "10"]
[EventCountry "DEN"]
[SourceDate "2004.01.01"]

1. e4 c5 2. d4 cxd4 3. c3 Nf6 4. e5 Nd5 5. cxd4 d6 6. Nf3 Nc6 7. exd6 e6 8. Nc3
Qxd6 9. Bc4 Nxc3 10. bxc3 Be7 11. Qe2 O-O 12. O-O b6 13. Re1 Bb7 14. Bd2 Rac8
15. Bd3 Na5 16. Ne5 g6 17. Qe3 Bf6 18. Qh6 Bg7 19. Qh3 Nc6 20. Nf3 Rfe8 21. Ng5
h6 22. Ne4 Qf8 23. Qg3 Rcd8 24. Bf4 e5 25. dxe5 Nxe5 26. Bb5 Re6 27. a4 a6 28.
Bf1 Nc6 29. Bc4 Rxe4 30. Rxe4 Na5 31. Bd3 Bxe4 32. Bxe4 Qc5 33. h3 Rc8 34. Be3
Qc4 35. Qf3 Qe6 36. Bd5 Qf6 37. Qxf6 Bxf6 38. Bxb6 1/2-1/2

[Event "26. Copenhagen Open  (Politiken Cup)"]
[Site "Taastrup"]
[Date "2004.07.26"]
[Round "4"]
[White "Onstad, Lars H"]
[Black "Larsen, Andreas"]
[Result "1/2-1/2"]
[WhiteElo "1778"]
[BlackElo "1537"]
[PlyCount "45"]
[EventDate "2004.07.24"]
[EventType "swiss"]
[EventRounds "10"]
[EventCountry "DEN"]
[SourceDate "2004.01.01"]

1. d4 d5 2. c4 c6 3. Nc3 e6 4. Nf3 f5 5. cxd5 exd5 6. Bf4 Nf6 7. e3 Bd6 8. Ne5
O-O 9. Be2 Qe7 10. O-O Nbd7 11. Nxd7 Bxd7 12. Bxd6 Qxd6 13. Qc2 Rae8 14. Rfe1
Re7 15. Bf3 Rfe8 16. Re2 g5 17. g3 h5 18. Rae1 Rh7 19. Nb1 Ne4 20. Bh1 g4 21.
Bxe4 fxe4 22. Qc5 Qxc5 23. dxc5 1/2-1/2

[Event "26. Copenhagen Open  (Politiken Cup)"]
[Site "Taastrup"]
[Date "2004.07.26"]
[Round "4"]
[White "Overmark, Ole"]
[Black "Soupizon, Remi"]
[Result "1-0"]
[WhiteElo "1653"]
[BlackElo "2003"]
[PlyCount "109"]
[EventDate "2004.07.24"]
[EventType "swiss"]
[EventRounds "10"]
[EventCountry "DEN"]
[SourceDate "2004.01.01"]

1. Nf3 d5 2. d4 Nf6 3. c4 c6 4. Nc3 e6 5. Bg5 dxc4 6. e4 b5 7. e5 h6 8. Bh4 g5
9. Bg3 Nh5 10. a4 Bb4 11. axb5 cxb5 12. Be2 Nxg3 13. hxg3 Bb7 14. O-O Bxc3 15.
bxc3 Nd7 16. Qb1 a6 17. Nd2 Nb6 18. Bf3 Bxf3 19. gxf3 Nd5 20. Ne4 Kf8 21. Qc1
Rg8 22. Nc5 Qc8 23. Ra5 Qc6 24. Qa3 Kg7 25. Ne4 Rge8 26. Ra1 g4 27. Nd6 Reb8
28. f4 Nc7 29. Qc1 Qf3 30. Qc2 Rh8 31. Ne4 h5 32. Ng5 Qd3 33. Qxd3 cxd3 34. Rd1
Rhc8 35. Rxd3 Nd5 36. Ne4 Rc6 37. Nc5 Rac8 38. Ra1 Kg6 39. f3 Ra8 40. fxg4 hxg4
41. Kg2 a5 42. Rh1 a4 43. Rh4 a3 44. Rxg4+ Kh7 45. Kf3 Ne7 46. Rd1 Ng6 47. Rg5
a2 48. Ra1 Rc7 49. g4 Kh6 50. Rh5+ Kg7 51. Ke4 Rca7 52. f5 exf5+ 53. gxf5 Rh8
54. Rxh8 Nxh8 55. d5 1-0

[Event "26. Copenhagen Open  (Politiken Cup)"]
[Site "Taastrup"]
[Date "2004.07.26"]
[Round "4"]
[White "Pedersen, Thomas"]
[Black "Pedersen, Audun"]
[Result "1-0"]
[WhiteElo "1712"]
[BlackElo "2034"]
[PlyCount "77"]
[EventDate "2004.07.24"]
[EventType "swiss"]
[EventRounds "10"]
[EventCountry "DEN"]
[SourceDate "2004.01.01"]

1. e4 e6 2. d4 d5 3. Nd2 Nf6 4. e5 Nfd7 5. f4 c5 6. c3 Nc6 7. Ndf3 cxd4 8. cxd4
Qb6 9. h4 Bb4+ 10. Kf2 f6 11. Be3 fxe5 12. fxe5 O-O 13. g3 Nxd4 14. Bxd4 Bc5
15. Kg2 Bxd4 16. Qxd4 Qxd4 17. Nxd4 Nxe5 18. Ngf3 Ng4 19. Re1 e5 20. Nxe5 Rf2+
21. Kg1 Rd2 22. Nxg4 Bxg4 23. Nb3 Rxb2 24. Rh2 Rxh2 25. Kxh2 Rf8 26. Kg1 Rc8
27. Bg2 Rc3 28. Bxd5+ Kf8 29. Rf1+ Ke8 30. Kg2 b6 31. Rc1 Re3 32. Rc2 Kd7 33.
Rd2 Kc7 34. Kf2 Re5 35. Bg2 a5 36. Nd4 b5 37. Rc2+ Kd6 38. Rc6+ Ke7 39. Rb6 1-0

[Event "26. Copenhagen Open  (Politiken Cup)"]
[Site "Taastrup"]
[Date "2004.07.26"]
[Round "4"]
[White "Pozzo, Sebastian"]
[Black "Tandrup, Michael"]
[Result "0-1"]
[WhiteElo "1650"]
[BlackElo "1955"]
[PlyCount "62"]
[EventDate "2004.07.24"]
[EventType "swiss"]
[EventRounds "10"]
[EventCountry "DEN"]
[SourceDate "2004.01.01"]

1. d4 Nf6 2. Nf3 g6 3. Bg5 Bg7 4. Nbd2 d6 5. e4 Bg4 6. h3 Bxf3 7. Qxf3 c6 8.
Bd3 Nbd7 9. O-O-O Qa5 10. Qe3 h6 11. Bxf6 Bxf6 12. Kb1 c5 13. c3 cxd4 14. cxd4
Qb4 15. Nb3 a5 16. Rc1 a4 17. Rc4 Qb6 18. Rhc1 O-O 19. Nd2 Bg7 20. Nf1 Nc5 21.
R4c2 Nxd3 22. Qxd3 Bxd4 23. Qd2 Bg7 24. f4 a3 25. b3 Ra4 26. Rc4 Rxc4 27. Rxc4
Qg1 28. Qe2 b5 29. Rc2 Qd4 30. Kc1 b4 31. Qe3 Qa1+ 0-1

[Event "26. Copenhagen Open  (Politiken Cup)"]
[Site "Taastrup"]
[Date "2004.07.26"]
[Round "4"]
[White "Preuss, Flemming"]
[Black "Ringsborg, Allan"]
[Result "1-0"]
[WhiteElo "2044"]
[BlackElo "1747"]
[PlyCount "35"]
[EventDate "2004.07.24"]
[EventType "swiss"]
[EventRounds "10"]
[EventCountry "DEN"]
[SourceDate "2004.01.01"]

1. e4 e5 2. Nf3 Nf6 3. Bc4 Nxe4 4. Nc3 Nxc3 5. dxc3 c6 6. Nxe5 d5 7. Bd3 Be6 8.
Bf4 Nd7 9. Qe2 Be7 10. Bg3 Qb6 11. O-O c5 12. c4 Nxe5 13. Bxe5 f6 14. cxd5 Bxd5
15. Bc3 Qe6 16. Qh5+ Kd8 17. Rad1 Kc7 18. Rfe1 1-0

[Event "26. Copenhagen Open  (Politiken Cup)"]
[Site "Taastrup"]
[Date "2004.07.26"]
[Round "4"]
[White "Radovic, Slobodan"]
[Black "Zyde, Furat"]
[Result "1-0"]
[WhiteElo "1382"]
[BlackElo "1069"]
[PlyCount "47"]
[EventDate "2004.07.24"]
[EventType "swiss"]
[EventRounds "10"]
[EventCountry "DEN"]
[SourceDate "2004.01.01"]

1. d4 d5 2. Nf3 Bf5 3. Bf4 Nf6 4. h3 e6 5. e3 Bb4+ 6. c3 Bd6 7. Ne5 O-O 8. Nd2
c5 9. g4 Bg6 10. h4 c4 11. h5 Be4 12. f3 Bxe5 13. fxe4 Bxf4 14. exf4 dxe4 15.
Nxc4 h6 16. Qd2 Qd5 17. Ne3 Qa5 18. Bc4 Qc7 19. Bb3 Qxf4 20. O-O-O Nxg4 21.
Nxg4 Qxg4 22. Rdg1 Qf3 23. Qxh6 g6 24. hxg6 1-0

[Event "26. Copenhagen Open  (Politiken Cup)"]
[Site "Taastrup"]
[Date "2004.07.26"]
[Round "4"]
[White "Rasmussen, Henning"]
[Black "Andersen, Daniel"]
[Result "1-0"]
[WhiteElo "1767"]
[BlackElo "2044"]
[PlyCount "23"]
[EventDate "2004.07.24"]
[EventType "swiss"]
[EventRounds "10"]
[EventCountry "DEN"]
[SourceDate "2004.01.01"]

1. d4 Nf6 2. Nf3 g6 3. c4 Bg7 4. Nc3 d5 5. e3 O-O 6. Qb3 dxc4 7. Bxc4 Nbd7 8.
O-O c5 9. Ng5 Qe8 10. Nb5 h6 11. Nc7 Qd8 12. Bxf7+ 1-0

[Event "26. Copenhagen Open  (Politiken Cup)"]
[Site "Taastrup"]
[Date "2004.07.26"]
[Round "4"]
[White "Roder, Peter"]
[Black "Schmidt, Horst Hubert"]
[Result "1/2-1/2"]
[WhiteElo "2166"]
[BlackElo "1878"]
[PlyCount "91"]
[EventDate "2004.07.24"]
[EventType "swiss"]
[EventRounds "10"]
[EventCountry "DEN"]
[SourceDate "2004.01.01"]

1. d4 d5 2. c4 e6 3. Nc3 Nf6 4. Nf3 b6 5. Bg5 Be7 6. e3 O-O 7. Bd3 Ba6 8. cxd5
Bxd3 9. Qxd3 exd5 10. O-O Nbd7 11. Rac1 c5 12. Bxf6 Nxf6 13. dxc5 bxc5 14. Rfd1
Qb6 15. Nxd5 Nxd5 16. Qxd5 Qxb2 17. Qe5 Qb7 18. Rb1 Rfd8 19. Rdc1 Qd7 20. h3
Re8 21. Rc4 Rac8 22. Rg4 Bf8 23. Qc3 g6 24. Rc4 Qf5 25. Rc1 Rcd8 26. Qa5 Qd7
27. R4c2 Qb7 28. Nd2 Qb6 29. Nb3 Rb8 30. Qd2 Red8 31. Qe2 Rbc8 32. Rc4 Rc6 33.
e4 Qb5 34. Qc2 Qb6 35. f4 Bh6 36. e5 g5 37. f5 g4 38. Rxg4+ Kf8 39. Rd1 c4+ 40.
Kh2 Rxd1 41. Qxd1 cxb3 42. axb3 Rc1 43. Qd5 Qg1+ 44. Kg3 Qe1+ 45. Kh2 Qg1+ 46.
Kg3 1/2-1/2

[Event "26. Copenhagen Open  (Politiken Cup)"]
[Site "Taastrup"]
[Date "2004.07.26"]
[Round "4"]
[White "Rosenkilde, Alexander"]
[Black "Laato, Samuli"]
[Result "1/2-1/2"]
[WhiteElo "1989"]
[BlackElo "1667"]
[PlyCount "96"]
[EventDate "2004.07.24"]
[EventType "swiss"]
[EventRounds "10"]
[EventCountry "DEN"]
[SourceDate "2004.01.01"]

1. d4 Nf6 2. c4 g6 3. Nc3 Bg7 4. Nf3 d6 5. e4 O-O 6. Be2 e5 7. Be3 Nc6 8. h3
Qe7 9. dxe5 dxe5 10. Nd5 Qd6 11. Nxf6+ Qxf6 12. a3 Nd4 13. O-O Nxe2+ 14. Qxe2
Qe7 15. Rfe1 h6 16. Bd2 g5 17. Qe3 b6 18. Bc3 Bb7 19. Nh2 Rad8 20. Nf1 Bc8 21.
a4 Rd7 22. Qe2 Rfd8 23. Ne3 c6 24. Nf5 Qe6 25. Red1 Bf8 26. b3 Qf6 27. Ne3 Qf4
28. Rxd7 Bxd7 29. Qc2 Bc5 30. Re1 Bxe3 31. Rxe3 Qf6 32. Rd3 Qe7 33. Qd1 f6 34.
Qh5 Be8 35. Qd1 Rxd3 36. Qxd3 Qd7 37. Qxd7 Bxd7 38. a5 Kf7 39. Kf1 h5 40. Bd2
g4 41. hxg4 hxg4 42. Be3 c5 43. Ke2 f5 44. exf5 Bxf5 45. Kd2 Be4 46. g3 Ke6 47.
axb6 axb6 48. Bg5 Kd6 1/2-1/2

[Event "26. Copenhagen Open  (Politiken Cup)"]
[Site "Taastrup"]
[Date "2004.07.26"]
[Round "4"]
[White "Rossen, Claus"]
[Black "Ziska, Andrias"]
[Result "1-0"]
[WhiteElo "2168"]
[BlackElo "1804"]
[PlyCount "77"]
[EventDate "2004.07.24"]
[EventType "swiss"]
[EventRounds "10"]
[EventCountry "DEN"]
[SourceDate "2004.01.01"]

1. e4 c5 2. Nf3 Nc6 3. d4 cxd4 4. Nxd4 d6 5. c4 Nf6 6. Nc3 g6 7. Be2 Bg7 8. Nc2
O-O 9. O-O h6 10. Kh1 Kh7 11. f4 a5 12. Be3 Nb4 13. Nd4 Bd7 14. Bf3 Rc8 15. b3
Bc6 16. f5 Nd7 17. fxg6+ fxg6 18. Ne6 Bxc3 19. Nxd8 Rcxd8 20. Bxh6 Rf7 21. Bg5
Bxa1 22. Qxa1 Rdf8 23. Qe1 Kg7 24. a3 Na6 25. b4 axb4 26. axb4 b5 27. Qa1+ Ne5
28. Qxa6 Bxe4 29. Qa1 Bd3 30. Re1 Bxc4 31. h4 Kh7 32. Rxe5 dxe5 33. Qxe5 e6 34.
h5 gxh5 35. Bxh5 Rf5 36. Qc7+ Kh8 37. Bg6 R8f7 38. Bxf7 Rxg5 39. Qd8+ 1-0

[Event "26. Copenhagen Open  (Politiken Cup)"]
[Site "Taastrup"]
[Date "2004.07.26"]
[Round "4"]
[White "Royset, Paal"]
[Black "Bromann, Thorbjorn"]
[Result "0-1"]
[WhiteElo "2232"]
[BlackElo "2348"]
[PlyCount "84"]
[EventDate "2004.07.24"]
[EventType "swiss"]
[EventRounds "10"]
[EventCountry "DEN"]
[SourceDate "2004.01.01"]

1. e4 e6 2. d4 d5 3. Nc3 Nf6 4. e5 Nfd7 5. f4 c5 6. Nf3 Nc6 7. Be3 cxd4 8. Nxd4
Bc5 9. Qd2 O-O 10. O-O-O a6 11. Qf2 Bxd4 12. Bxd4 b5 13. Bd3 b4 14. Ne2 a5 15.
Qf3 Ba6 16. Qh5 f5 17. exf6 Bxd3 18. Qg4 Bg6 19. Qxe6+ Rf7 20. f5 Bh5 21. g4
Bxg4 22. Qxc6 Bxe2 23. Rd2 Bf3 24. Rf1 Be4 25. fxg7 Rc8 26. Qh6 Qc7 27. Rf4 Qc6
28. Qxc6 Rxc6 29. Rdf2 Nf6 30. c3 Rxg7 31. Bxf6 Rxf6 32. cxb4 axb4 33. a3 Rc6+
34. Kd2 bxa3 35. bxa3 Rc2+ 36. Ke3 Rxf2 37. Rxf2 Ra7 38. Kd4 Rxa3 39. Ke5 Rf3
40. Rg2+ Kf7 41. Rg5 Rh3 42. f6 Bg6 0-1

[Event "26. Copenhagen Open  (Politiken Cup)"]
[Site "Taastrup"]
[Date "2004.07.26"]
[Round "4"]
[White "Rozentalis, Eduardas"]
[Black "Sammalvuo, Tapani"]
[Result "1-0"]
[WhiteElo "2619"]
[BlackElo "2445"]
[PlyCount "53"]
[EventDate "2004.07.24"]
[EventType "swiss"]
[EventRounds "10"]
[EventCountry "DEN"]
[SourceDate "2004.01.01"]

1. e4 c5 2. Nf3 d6 3. c3 Nf6 4. g3 Nc6 5. Qe2 Bg4 6. Bg2 g6 7. h3 Bxf3 8. Bxf3
Bg7 9. d3 Rb8 10. O-O b5 11. Bg2 b4 12. f4 bxc3 13. bxc3 Nd7 14. e5 Qc7 15. Qe4
Rb6 16. Na3 Na5 17. Qa4 Rb8 18. exd6 exd6 19. Nb5 Qb6 20. Re1+ Kf8 21. Rb1 Bf6
22. c4 a6 23. Na3 Qc7 24. Bd2 Bd8 25. Bxa5 Qxa5 26. Qxd7 Rxb1 27. Rxb1 1-0

[Event "26. Copenhagen Open  (Politiken Cup)"]
[Site "Taastrup"]
[Date "2004.07.26"]
[Round "4"]
[White "Sadvakasov, Darmen"]
[Black "Hammer, Jon Ludvig"]
[Result "1-0"]
[WhiteElo "2626"]
[BlackElo "2095"]
[PlyCount "157"]
[EventDate "2004.07.24"]
[EventType "swiss"]
[EventRounds "10"]
[EventCountry "DEN"]
[SourceDate "2004.01.01"]

1. e4 e5 2. Nf3 Nf6 3. Nxe5 d6 4. Nf3 Nxe4 5. d4 d5 6. Bd3 Nc6 7. O-O Be7 8. c4
Nb4 9. Be2 O-O 10. Nc3 Bf5 11. a3 Nxc3 12. bxc3 Nc6 13. Re1 Bf6 14. cxd5 Qxd5
15. Bf4 Na5 16. Nd2 Qd7 17. Bf3 c5 18. Ne4 Bxe4 19. Bxe4 g6 20. dxc5 Qxd1 21.
Rexd1 Rfe8 22. f3 Rac8 23. Bd6 b6 24. cxb6 axb6 25. Rab1 Rxc3 26. Rxb6 Nc4 27.
Rc6 Nxd6 28. Rdxd6 Rxc6 29. Rxc6 Bd4+ 30. Kf1 Re7 31. a4 Ra7 32. Rc4 Be5 33. g3
Kf8 34. f4 Bc7 35. Bd5 Bb6 36. Rc8+ Ke7 37. Rb8 Bd4 38. Bb3 h5 39. Rb5 Bc3 40.
h4 Ba5 41. f5 Bc7 42. Kg2 Kf6 43. fxg6 fxg6 44. Rc5 Be5 45. Rc6+ Kg7 46. Bc2
Bf6 47. Kh3 Ra5 48. Rc7+ Kh6 49. Kg2 Ra6 50. Bb3 g5 51. Kh3 gxh4 52. gxh4 Be5
53. Rc5 Rd6 54. Rxe5 Rd3+ 55. Kg2 Rxb3 56. Re4 Kg6 57. Rf4 Rc3 58. Kf2 Rb3 59.
Ke2 Rc3 60. Kd2 Rb3 61. Kc1 Kg7 62. Kc2 Rg3 63. Rb4 Kg6 64. Kb2 Rg4 65. Kb3 Kf5
66. a5 Ke6 67. a6 Rg8 68. Ka4 Kd6 69. Ka5 Kc7 70. a7 Re8 71. Rb6 Rf8 72. Ka6
Rf2 73. Rc6+ Kd7 74. Rc5 Rf8 75. Kb7 Kd6 76. Ra5 Rf7+ 77. Kb6 Rd7 78. a8=Q Rb7+
79. Kxb7 1-0

[Event "26. Copenhagen Open  (Politiken Cup)"]
[Site "Taastrup"]
[Date "2004.07.26"]
[Round "4"]
[White "Sagafos, Magne"]
[Black "Andersen, Rune Egede"]
[Result "1-0"]
[WhiteElo "2242"]
[BlackElo "2092"]
[PlyCount "57"]
[EventDate "2004.07.24"]
[EventType "swiss"]
[EventRounds "10"]
[EventCountry "DEN"]
[SourceDate "2004.01.01"]

1. e4 e6 2. d4 d5 3. Nd2 Be7 4. Bd3 c5 5. dxc5 Nd7 6. exd5 Nxc5 7. Bb5+ Kf8 8.
dxe6 Bxe6 9. Ngf3 Qb6 10. Qe2 Nf6 11. O-O a6 12. Bc4 Bg4 13. Re1 Re8 14. Bxf7
Kxf7 15. Ne5+ Kf8 16. Nxg4 Bd6 17. Ne3 Qc7 18. h3 g6 19. Nf3 Kg7 20. b3 Nce4
21. Bb2 Rhf8 22. Nd5 Qc5 23. Nxf6 Nxf6 24. Qd2 Kg8 25. Rxe8 Nxe8 26. Qh6 Nf6
27. Qh4 Qxc2 28. Bxf6 Bc5 29. Bd4 1-0

[Event "26. Copenhagen Open  (Politiken Cup)"]
[Site "Taastrup"]
[Date "2004.07.26"]
[Round "4"]
[White "Schou Moldt, Thomas"]
[Black "Tadjerbashi, Amir"]
[Result "0-1"]
[WhiteElo "2248"]
[BlackElo "2095"]
[PlyCount "102"]
[EventDate "2004.07.24"]
[EventType "swiss"]
[EventRounds "10"]
[EventCountry "DEN"]
[SourceDate "2004.01.01"]

1. e4 e5 2. Nf3 Nc6 3. Nc3 Nf6 4. Bc4 Nxe4 5. Nxe4 d5 6. Bd3 dxe4 7. Bxe4 Qd6
8. Qe2 Be6 9. c3 O-O-O 10. O-O Bd5 11. b4 f6 12. a4 Bxe4 13. Qxe4 Qd3 14. Qxd3
Rxd3 15. Ne1 Rd7 16. Nc2 g6 17. Ne3 f5 18. Nc4 Bg7 19. Re1 e4 20. f3 exf3 21.
gxf3 Nd4 22. Rf1 Ne2+ 23. Kf2 Re8 24. Re1 Rde7 25. Ba3 Bf6 26. Kf1 Bh4 27. Red1
Nf4 28. Ne3 Nd3 29. Ke2 Nf2 30. f4 Nxd1 31. Kxd1 Bf2 32. Bc1 Bxe3 33. dxe3 Rxe3
34. Bxe3 Rxe3 35. Kd2 Rf3 36. Re1 Kd7 37. a5 Rxf4 38. Kd3 Rh4 39. Re2 a6 40.
Rg2 Kc6 41. Re2 Kd5 42. Kc2 Kc4 43. Rd2 b6 44. b5 Kxb5 45. Rd5+ Kc4 46. axb6
cxb6 47. Rd2 a5 48. Kb2 b5 49. Rd7 Rxh2+ 50. Ka3 b4+ 51. Ka4 Ra2# 0-1

[Event "26. Copenhagen Open  (Politiken Cup)"]
[Site "Taastrup"]
[Date "2004.07.26"]
[Round "4"]
[White "Schonberg, Pauli"]
[Black "Reppen, Ellisiv"]
[Result "0-1"]
[WhiteElo "1421"]
[BlackElo "1668"]
[PlyCount "94"]
[EventDate "2004.07.24"]
[EventType "swiss"]
[EventRounds "10"]
[EventCountry "DEN"]
[SourceDate "2004.01.01"]

1. e4 e5 2. Nf3 Nc6 3. Bc4 Bc5 4. O-O Nf6 5. d3 h6 6. h3 d6 7. Re1 O-O 8. c3
Be6 9. Bxe6 fxe6 10. Be3 Bxe3 11. Rxe3 Qd7 12. Nbd2 Rfe8 13. Nh2 Rad8 14. Nc4
d5 15. exd5 exd5 16. Nd2 e4 17. dxe4 dxe4 18. Qb3+ Kh8 19. Nc4 b6 20. Rae1 Qf7
21. Na3 Qxb3 22. axb3 a6 23. Nf1 b5 24. Nb1 Ne5 25. Ng3 Nd3 26. R1e2 Nc1 27.
Re1 Nxb3 28. f3 exf3 29. Rxe8+ Rxe8 30. Rxe8+ Nxe8 31. gxf3 Nd6 32. Na3 Nd2 33.
Kf2 N6c4 34. Ke2 Nxa3 35. Kxd2 Nc4+ 36. Kc2 Nd6 37. Kd3 Kg8 38. Kd4 Kf7 39. Kc5
Ke7 40. Kc6 Kd8 41. Nh5 g5 42. Nf6 Nc4 43. Kb7 a5 44. b3 a4 45. bxa4 bxa4 46.
Nd5 a3 47. Nb4 Ne5 0-1

[Event "26. Copenhagen Open  (Politiken Cup)"]
[Site "Taastrup"]
[Date "2004.07.26"]
[Round "4"]
[White "Serrano, Jose Manuel Garcia"]
[Black "Hyldkrog, Mikkel"]
[Result "1-0"]
[WhiteElo "1988"]
[BlackElo "1591"]
[PlyCount "55"]
[EventDate "2004.07.24"]
[EventType "swiss"]
[EventRounds "10"]
[EventCountry "DEN"]
[SourceDate "2004.01.01"]

1. e4 e6 2. d4 d5 3. Nc3 Bb4 4. e5 c5 5. a3 Qa5 6. axb4 Qxa1 7. Nb5 Kd7 8. Nd6
Ne7 9. bxc5 Nf5 10. Nxf5 exf5 11. Bd3 Ke8 12. Ne2 Nc6 13. Nc3 Nxd4 14. Nxd5
Qa5+ 15. b4 Qd8 16. Bc4 Nc6 17. O-O Be6 18. Bg5 Qd7 19. b5 h6 20. Qh5 Nb4 21.
c6 bxc6 22. bxc6 Nxc6 23. Rd1 Qb7 24. Nf6+ gxf6 25. Bxf6 Rg8 26. Bxe6 Rb8 27.
Bd5 Qd7 28. e6 1-0